000 00416nam a2200169 4500
003 OSt
008 241005b |||||||| |||| 00| 0 eng d
020 _a9789394753457
041 _amal
082 _a915.492
_bSHI/DH
100 _aShijukhan
_96298
245 _aDhaka express /
260 _aThiruvananthapuram :
_bChintha Publishers,
_c2022.
300 _a80p.
650 _aTravelogue - Nepal
_96299
942 _cBK
999 _c18123
_d18123